[Event "KRK - Mediterranean Golden Island"]
[Site "Njivice"]
[Date "2006.09.09"]
[Round "1.1"]
[White "Srebrnic, Ana"]
[Black "Vasilevich, Irina"]
[Result "1/2-1/2"]
[WhiteElo "2318"]
[BlackElo "2340"]
[PlyCount "94"]
[EventDate "2006.09.09"]

1. Nf3 d5 2. d4 Nf6 3. c4 e6 4. Nc3 Be7 5. Qc2 O-O 6. cxd5 exd5 7. Bg5 Re8 8.
e3 Nbd7 9. Bd3 Nf8 10. h3 c6 11. O-O Ne4 12. Bf4 Nd6 13. Ne5 g6 14. g4 Bf6 15.
Bg3 Bg7 16. Rae1 f6 17. Nf3 Be6 18. Kg2 Rc8 19. Nd2 c5 20. dxc5 Rxc5 21. Nb3
Rc8 22. Nd4 Ne4 23. Bxe4 dxe4 24. Nxe6 Rxe6 25. Qa4 a6 26. Rd1 Qe8 27. Qb3 Qf7
28. Ne2 Ree8 29. Qxf7+ Kxf7 30. Nd4 Red8 31. Rc1 Ne6 32. Nxe6 Kxe6 33. Rfd1
Rxc1 34. Rxc1 Rd2 35. Rc7 Bh6 36. Rxh7 Bxe3 37. Kf1 Bd4 38. Rxb7 g5 39. h4 gxh4
40. Bxh4 Rxb2 41. Rxb2 Bxb2 42. Ke2 Ke5 43. Bg3+ Kd4 44. f3 Bc1 45. Bc7 exf3+
46. Kxf3 Bg5 47. Bd8 Kd5 1/2-1/2

[Event "KRK - Mediterranean Golden Island"]
[Site "Njivice"]
[Date "2006.09.09"]
[Round "1.2"]
[White "Golubenko, Valentina"]
[Black "Sargac, Rajna"]
[Result "1-0"]
[WhiteElo "2239"]
[BlackElo "2184"]
[PlyCount "125"]
[EventDate "2006.09.09"]

1. d4 e6 2. c4 b6 3. Nf3 Bb7 4. g3 f5 5. Bg2 Nf6 6. O-O Be7 7. Nc3 O-O 8. d5
Bb4 9. Nd4 Na6 10. Ncb5 Ne4 11. a3 Be7 12. f3 Nf6 13. dxe6 dxe6 14. Nxe6 Qxd1
15. Rxd1 Rfc8 16. Bf4 Nc5 17. Nexc7 Nb3 18. Rab1 a6 19. Nxa8 axb5 20. Nc7 bxc4
21. Bh3 g6 22. Bd6 Kf7 23. Nb5 Ba6 24. Nc3 Bd8 25. e4 b5 26. exf5 Bb6+ 27. Kg2
g5 28. Be5 g4 29. Bxg4 Nxg4 30. fxg4 Bb7+ 31. Kh3 Bc6 32. Rd6 Bd8 33. Rbd1 Be7
34. Rh6 Kg8 35. Nd5 Bd8 36. f6 Be8 37. Bc7 Rxc7 38. Nb6 Bxf6 39. Rxf6 Nc5 40.
Nd5 Ra7 41. Re1 Bg6 42. Re7 Rxe7 43. Nxe7+ Kg7 44. Rb6 Be8 45. Nf5+ Kf8 46. Nd6
Bd7 47. Nxb5 Na4 48. Rb8+ Ke7 49. Nc3 Nc5 50. Rh8 Nd3 51. Rxh7+ Kd6 52. Kh4
Nxb2 53. g5 Bf5 54. Rb7 Nd3 55. Rb5 Ne5 56. g4 Bd7 57. Rd5+ Ke6 58. Kg3 Bc6 59.
Rd4 Bb7 60. h4 Ba6 61. h5 Nc6 62. Re4+ Kd6 63. h6 1-0

[Event "KRK - Mediterranean Golden Island"]
[Site "Njivice"]
[Date "2006.09.09"]
[Round "1.1"]
[White "Sudakova, Irina"]
[Black "Medic, Mirjana"]
[Result "1/2-1/2"]
[WhiteElo "2376"]
[BlackElo "2271"]
[PlyCount "94"]
[EventDate "2006.09.09"]

1. e4 e6 2. Qe2 c5 3. d3 Nc6 4. Nf3 g6 5. g3 Bg7 6. Bg2 Nge7 7. O-O d6 8. c3
O-O 9. Be3 e5 10. Nh4 Be6 11. f4 exf4 12. Bxf4 Qd7 13. Nd2 f6 14. Be3 Ne5 15.
d4 Bg4 16. Nhf3 Nxf3+ 17. Nxf3 Rac8 18. Rad1 Qe6 19. Qd2 d5 20. exd5 Nxd5 21.
Bf2 c4 22. Rde1 Qd7 23. Be3 Bf5 24. Bh6 Bd3 25. Bxg7 Kxg7 26. Rf2 Rce8 27. Rxe8
Rxe8 28. Ne1 Be4 29. Re2 f5 30. Nf3 Nf6 31. Ne5 Qa4 32. a3 Qa6 33. Qe1 b5 34.
Bxe4 Nxe4 35. g4 Ng5 36. Qg3 f4 37. Qg2 Qf6 38. h4 Nf7 39. Nf3 Re3 40. Rxe3
fxe3 41. Qg3 g5 42. hxg5 Nxg5 43. Nxg5 Qxg5 44. Qc7+ Kg6 45. Qd6+ Kf7 46. Qc7+
Kg6 47. Qd6+ Kf7 1/2-1/2

[Event "KRK - Mediterranean Golden Island"]
[Site "Njivice"]
[Date "2006.09.09"]
[Round "1.4"]
[White "Gromova, Iulia"]
[Black "Berke, Ana"]
[Result "1/2-1/2"]
[WhiteElo "2210"]
[BlackElo "2018"]
[PlyCount "144"]
[EventDate "2006.09.09"]

1. d4 Nf6 2. c4 c5 3. d5 b5 4. Nd2 bxc4 5. e4 c3 6. bxc3 d6 7. Bd3 g6 8. Rb1
Bg7 9. Ne2 O-O 10. O-O e5 11. Nc4 Ba6 12. Ne3 c4 13. Bc2 Nh5 14. g3 Nd7 15. Ba3
Qc7 16. Nc1 Rab8 17. Nf5 Nc5 18. Rxb8 Rxb8 19. Nxg7 Nxg7 20. f4 f6 21. fxe5
fxe5 22. Qf3 Nh5 23. Kg2 Rc8 24. Rf2 Qe7 25. Bb4 Kg7 26. Qe3 Nf6 27. h3 Nfd7
28. Bd1 Rf8 29. Rxf8 Qxf8 30. Bg4 Qb8 31. h4 h5 32. Be2 Bb5 33. Bf3 Qf8 34. Ba3
Qh8 35. Ne2 Qh6 36. Qxh6+ Kxh6 37. Kf1 Ba4 38. Kf2 Kg7 39. Ke3 Bc2 40. Bb4 Kf6
41. Ng1 Ke7 42. Nh3 Nd3 43. a3 N7c5 44. Ng5 Nb7 45. a4 a5 46. Ba3 Bxa4 47. Be2
Bc2 48. Nf3 a4 49. Nd2 Na5 50. g4 hxg4 51. Bxg4 Nf4 52. Nf3 Bd3 53. Nxe5 Ng2+
54. Kf2 Bxe4 55. Nxg6+ Bxg6 56. Kxg2 Nb3 57. h5 Bh7 58. Kf2 Nd2 59. Ke1 Nb1 60.
Bb2 a3 61. Ba1 Kf6 62. Be2 Kg5 63. Bxc4 Kxh5 64. Ba2 Kg5 65. Kd1 Kf4 66. Kc1
Nxc3 67. Bxc3 Ke3 68. Bg7 Bg8 69. Bb3 Ke4 70. Bc2+ Ke3 71. Bh6+ Kd4 72. Bg7+
Ke3 1/2-1/2

[Event "KRK - Mediterranean Golden Island"]
[Site "Njivice"]
[Date "2006.09.09"]
[Round "1.5"]
[White "Kostiuk, Tatiana"]
[Black "Djeno, Snjezana"]
[Result "1-0"]
[WhiteElo "2255"]
[BlackElo "1953"]
[PlyCount "91"]
[EventDate "2006.09.09"]

1. d4 d5 2. c4 e6 3. Nc3 Nf6 4. Bg5 Be7 5. e3 O-O 6. Bd3 dxc4 7. Bxc4 c6 8. Nf3
Nbd7 9. O-O b6 10. e4 Bb7 11. e5 Nd5 12. Ne4 Bxg5 13. Nexg5 h6 14. Ne4 b5 15.
Bxd5 cxd5 16. Nd6 Qb6 17. Rc1 a5 18. Qc2 Ba6 19. Qc6 Ra7 20. Rfe1 Rb8 21. b3 b4
22. Qxb6 Nxb6 23. Rc5 Nc8 24. Rxa5 Nxd6 25. exd6 Rb6 26. Ra4 Rd7 27. Rc1 Rdxd6
28. Rc7 f6 29. h4 g5 30. hxg5 hxg5 31. g4 Rd8 32. Kg2 Rdb8 33. Ne1 Bb5 34. Raa7
Be8 35. Nd3 Rc6 36. Rg7+ Kh8 37. Rh7+ Kg8 38. Rhe7 Rbc8 39. Nxb4 Rd6 40. Nd3
Bb5 41. Nc5 e5 42. a4 Be2 43. dxe5 fxe5 44. Rxe5 Bd1 45. Rxg5+ Kf8 46. Nd7+ 1-0

[Event "KRK - Mediterranean Golden Island"]
[Site "Njivice"]
[Date "2006.09.10"]
[Round "2.1"]
[White "Vasilevich, Irina"]
[Black "Djeno, Snjezana"]
[Result "1-0"]
[WhiteElo "2340"]
[BlackElo "1953"]
[PlyCount "45"]
[EventDate "2006.09.09"]

1. e4 Nf6 2. e5 Nd5 3. c4 Nb6 4. d4 d6 5. exd6 cxd6 6. Nc3 g6 7. Be3 Bg7 8. Rc1
O-O 9. Be2 Nc6 10. d5 Ne5 11. b3 Ned7 12. Nf3 Nf6 13. h3 Nbd7 14. O-O Nc5 15.
Re1 Bf5 16. Nd4 Nfe4 17. Nxe4 Nxe4 18. Bd3 Bxd4 19. Bxd4 Nc5 20. Bxf5 gxf5 21.
Rc3 e5 22. dxe6 Re8 23. exf7+ 1-0

[Event "KRK - Mediterranean Golden Island"]
[Site "Njivice"]
[Date "2006.09.10"]
[Round "2.2"]
[White "Berke, Ana"]
[Black "Kostiuk, Tatiana"]
[Result "1/2-1/2"]
[WhiteElo "2018"]
[BlackElo "2255"]
[PlyCount "148"]
[EventDate "2006.09.09"]

1. e4 e5 2. Nf3 Nc6 3. Bb5 a6 4. Ba4 Nf6 5. O-O Be7 6. Re1 b5 7. Bb3 d6 8. h3
Na5 9. c3 Nxb3 10. axb3 Bb7 11. d4 Nxe4 12. dxe5 dxe5 13. Qc2 Nf6 14. Rd1 Bd6
15. c4 Qe7 16. Nc3 Bxf3 17. gxf3 bxc4 18. bxc4 O-O 19. Qf5 g6 20. Qg5 Qe6 21.
Kh2 Be7 22. Qh6 Rfe8 23. Bg5 Qxc4 24. Ra4 Qc6 25. Qh4 Qxf3 26. Rc4 Rac8 27. Rg1
c5 28. Re1 Qf5 29. f4 e4 30. Nxe4 Nd5 31. Bxe7 Rxe7 32. Nd6 Qd3 33. Rxe7 Nxe7
34. Qxe7 Rf8 35. Re4 Qd2+ 36. Kg3 Qxb2 37. Ne8 Qc3+ 38. Re3 Qd4 39. Nf6+ Kg7
40. Ne8+ Kg8 41. Nf6+ Kg7 42. Nd7 Rc8 43. f5 gxf5 44. Kh2 f4 45. Re2 f3 46.
Qg5+ Kh8 47. Rd2 Qg7 48. Qf4 Rg8 49. Qe5 Qxe5+ 50. Nxe5 Rg2+ 51. Rxg2 fxg2 52.
Nxf7+ Kg7 53. Nd6 a5 54. Kxg2 a4 55. Nc4 Kg6 56. Kg3 Kg5 57. h4+ Kh5 58. Kh3
Kh6 59. Kg4 Kg6 60. h5+ Kh6 61. Kh4 Kg7 62. Kg5 Kf7 63. Kf5 Kg7 64. Kg5 Kf7 65.
Kh6 Kg8 66. Na3 Kh8 67. Kg5 Kg7 68. h6+ Kf7 69. Kf5 Ke7 70. Ke5 Kf7 71. Kf5 Ke7
72. Nc4 Kf7 73. Ne5+ Ke7 74. Nc4 Kf7 1/2-1/2

[Event "KRK - Mediterranean Golden Island"]
[Site "Njivice"]
[Date "2006.09.10"]
[Round "2.3"]
[White "Medic, Mirjana"]
[Black "Gromova, Iulia"]
[Result "1/2-1/2"]
[WhiteElo "2271"]
[BlackElo "2210"]
[PlyCount "67"]
[EventDate "2006.09.09"]

1. d4 Nf6 2. c4 g6 3. g3 c6 4. Bg2 d5 5. cxd5 cxd5 6. Nf3 Bg7 7. O-O O-O 8. Ne5
e6 9. Nc3 Nfd7 10. f4 Nc6 11. Be3 f6 12. Nxd7 Qxd7 13. Rc1 Na5 14. b3 b6 15.
Qd3 Bb7 16. Bd2 Rfd8 17. Rc2 Rac8 18. Rfc1 f5 19. e3 Bf8 20. Nb1 Nc6 21. Bf1
Nb8 22. Rxc8 Rxc8 23. Rxc8 Qxc8 24. Qc3 Qxc3 25. Bxc3 Ba6 26. Nd2 Bxf1 27. Kxf1
Nc6 28. Ke2 Kf7 29. Nf3 h6 30. Kd2 Be7 31. Ne1 Nb4 32. a4 g5 33. Ke2 Nc6 34.
Nd3 1/2-1/2

[Event "KRK - Mediterranean Golden Island"]
[Site "Njivice"]
[Date "2006.09.10"]
[Round "2.4"]
[White "Sargac, Rajna"]
[Black "Sudakova, Irina"]
[Result "0-1"]
[WhiteElo "2184"]
[BlackElo "2376"]
[PlyCount "44"]
[EventDate "2006.09.09"]

1. d4 Nf6 2. Nf3 e6 3. c4 d5 4. Nc3 c6 5. Bg5 dxc4 6. a4 Bb4 7. g3 Qa5 8. Bd2
O-O 9. Bg2 Rd8 10. O-O c5 11. Qc2 cxd4 12. Nb5 Nc6 13. Bf4 Nd5 14. Ng5 d3 15.
Qxc4 Nxf4 16. Qxf4 f6 17. Ne4 dxe2 18. Rfc1 e1=Q+ 19. Rxe1 Bxe1 20. Nxf6+ gxf6
21. Qxf6 Qd2 22. Be4 Qxf2+ 0-1

[Event "KRK - Mediterranean Golden Island"]
[Site "Njivice"]
[Date "2006.09.10"]
[Round "2.5"]
[White "Srebrnic, Ana"]
[Black "Golubenko, Valentina"]
[Result "1/2-1/2"]
[WhiteElo "2318"]
[BlackElo "2239"]
[PlyCount "129"]
[EventDate "2006.09.09"]

1. Nf3 c5 2. c4 Nc6 3. d4 cxd4 4. Nxd4 g6 5. e4 Bg7 6. Be3 Nf6 7. Nc3 O-O 8.
Be2 d6 9. O-O Nxd4 10. Bxd4 Qa5 11. f4 Be6 12. Rc1 Rfc8 13. b3 a6 14. Bf3 Rab8
15. e5 dxe5 16. Bxe5 Rd8 17. Qe2 Rbc8 18. Kh1 Rd7 19. Na4 Bf5 20. Bc3 Qc7 21.
Qf2 Rd3 22. Be5 Qa5 23. Bxb7 Rcd8 24. Qe1 Qd2 25. Nc5 Qxa2 26. Nxd3 Bxd3 27.
Rf2 Qxb3 28. Rb2 Qa4 29. Rd2 Rd7 30. Ra1 Qb4 31. Bxa6 Ne4 32. Rb2 Qxe1+ 33.
Rxe1 Bxe5 34. fxe5 Nc5 35. Rb8+ Kg7 36. Bb5 Rc7 37. Rd1 f6 38. exf6+ Kxf6 39.
Rf8+ Kg7 40. Rf3 Be2 41. Rd5 Bxf3 42. gxf3 e6 43. Rd6 Kf6 44. Kg2 Ke5 45. Rd8
Nb7 46. Rh8 Nd6 47. Kg3 h5 48. Rg8 Kf6 49. Rf8+ Kg7 50. Ra8 Nxc4 51. Bxc4 Rxc4
52. h4 Kf6 53. Rf8+ Ke7 54. Rg8 Kf7 55. Ra8 e5 56. Ra6 Rf4 57. Rb6 Rf6 58. Rb8
Ke6 59. Rg8 Kd5 60. Rd8+ Rd6 61. Ra8 Kd4 62. Ra4+ Ke3 63. Re4+ Kd3 64. Rxe5 Kd4
65. Re4+ 1/2-1/2

[Event "KRK - Mediterranean Golden Island"]
[Site "Njivice"]
[Date "2006.09.11"]
[Round "3.2"]
[White "Sudakova, Irina"]
[Black "Srebrnic, Ana"]
[Result "1-0"]
[WhiteElo "2376"]
[BlackElo "2318"]
[PlyCount "163"]
[EventDate "2006.09.09"]

1. d4 d6 2. e4 Nf6 3. Nc3 e5 4. Nf3 Nbd7 5. Bc4 h6 6. O-O Be7 7. Re1 c6 8. a4
a5 9. b3 Qc7 10. Bd3 Nf8 11. h3 g5 12. dxe5 dxe5 13. Bb2 Ng6 14. Ne2 Be6 15.
Ng3 O-O-O 16. Nf5 Bb4 17. Qc1 Bxe1 18. Qxe1 Nh5 19. Bc3 b6 20. b4 axb4 21. Bxb4
c5 22. Bc3 c4 23. Bf1 f6 24. a5 b5 25. a6 Qc6 26. Qb1 Bxf5 27. exf5 Ne7 28. a7
Kb7 29. Ra5 Rd5 30. Qb4 Qc5 31. Qxc5 Rxc5 32. Bb4 Rc7 33. Rxb5+ Kxa7 34. Bc5+
Ka8 35. Ra5+ Kb8 36. Bd6 Rd8 37. Bxc7+ Kxc7 38. Ra7+ Kd6 39. Bxc4 Nf4 40. g3
Nxh3+ 41. Kg2 g4 42. Nh2 h5 43. Bf7 Nxf5 44. Bxh5 Ng5 45. Bxg4 Nd4 46. Ra6+ Ke7
47. c3 Nb5 48. Rc6 Ne4 49. c4 Nd4 50. Rc7+ Kd6 51. Rc8 Rxc8 52. Bxc8 Kc5 53.
Ng4 Kxc4 54. f3 Ng5 55. Bb7 Nh7 56. Be4 Ng5 57. Nxf6 Nxe4 58. Nxe4 Kd5 59. Ng5
Kd6 60. Kf2 Ke7 61. Ke3 Kf6 62. Ne4+ Ke6 63. g4 Nc2+ 64. Kf2 Nd4 65. Kg3 Kf7
66. Kf2 Ke6 67. Nd2 Kd5 68. Ke3 Nc2+ 69. Kd3 Ne1+ 70. Ke2 Ng2 71. Kf2 Nf4 72.
Ne4 Kd4 73. g5 Ng6 74. Nf6 Kc5 75. Ke3 Kd6 76. Ke4 Ke6 77. Ng4 Kd6 78. Kf5 Nh4+
79. Kf6 Nxf3 80. g6 e4 81. g7 e3 82. g8=Q 1-0

[Event "KRK - Mediterranean Golden Island"]
[Site "Njivice"]
[Date "2006.09.11"]
[Round "3.3"]
[White "Gromova, Iulia"]
[Black "Sargac, Rajna"]
[Result "1-0"]
[WhiteElo "2210"]
[BlackElo "2184"]
[PlyCount "97"]
[EventDate "2006.09.09"]

1. d4 e6 2. c4 Nf6 3. Nf3 Bb4+ 4. Bd2 a5 5. g3 O-O 6. Bg2 d5 7. O-O Bxd2 8.
Qxd2 Nc6 9. Rd1 Qe7 10. Nc3 dxc4 11. Rac1 Rd8 12. Qf4 Nd5 13. Qd2 a4 14. e4
Ndb4 15. Bf1 Na5 16. Qe3 b5 17. Nxb5 Ba6 18. Nc3 Nd3 19. Bxd3 cxd3 20. Ne5 f6
21. Nxd3 Nc4 22. Qf3 Rxd4 23. Nxa4 Rad8 24. b3 Nb6 25. Nac5 Bb5 26. a4 Bc6 27.
Nb2 Rxd1+ 28. Nxd1 f5 29. Qe3 fxe4 30. Nxe4 Bd5 31. Nc5 Nd7 32. Na6 c5 33. Nc7
Qd6 34. Nb5 Qc6 35. Qc3 Rf8 36. Ne3 Rf3 37. b4 c4 38. Nd4 Rxe3 39. Qxe3 Qxa4
40. Nxe6 Qxb4 41. Nxg7 Qb2 42. Nf5 Nf6 43. Ne7+ Kf7 44. Nxd5 Nxd5 45. Qf3+ Ke6
46. Rxc4 Qb1+ 47. Kg2 Qa2 48. Qe4+ Kd6 49. Rd4 1-0

[Event "KRK - Mediterranean Golden Island"]
[Site "Njivice"]
[Date "2006.09.11"]
[Round "3.4"]
[White "Kostiuk, Tatiana"]
[Black "Medic, Mirjana"]
[Result "1/2-1/2"]
[WhiteElo "2255"]
[BlackElo "2271"]
[PlyCount "136"]
[EventDate "2006.09.09"]

1. d4 e6 2. Nf3 d5 3. c4 c6 4. e3 f5 5. Bd3 Nf6 6. O-O Bd6 7. b3 Qe7 8. Bb2 O-O
9. Qc1 Ne4 10. Ba3 Nd7 11. Bxd6 Qxd6 12. Qb2 b6 13. Nbd2 Bb7 14. Rfd1 Qe7 15.
b4 a5 16. bxa5 Rxa5 17. c5 Ba6 18. Nb3 Ra4 19. cxb6 Bxd3 20. Rxd3 Nxb6 21. Nbd2
Nc4 22. Nxc4 dxc4 23. Rdd1 c3 24. Qc2 Rb4 25. Rab1 Rfb8 26. Rb3 Rxb3 27. axb3
Qb4 28. Rb1 c5 29. dxc5 Qxc5 30. Nd4 Kf7 31. f3 Nf6 32. Rc1 Nd5 33. Qd3 Ra8 34.
Qb5 Qxb5 35. Nxb5 Nxe3 36. Nxc3 Rb8 37. Rb1 Nc2 38. Kf2 Na3 39. Rb2 Nc4 40. Rb1
Nd2 41. Rb2 Rxb3 42. Rxd2 Rxc3 43. Ra2 Kf6 44. Re2 g5 45. Ra2 Rc4 46. Re2 g4
47. fxg4 Rxg4 48. Ra2 h5 49. Ra5 h4 50. h3 Rb4 51. Kf3 e5 52. Rc5 Rb3+ 53. Kf2
Rb2+ 54. Kf1 e4 55. Rc8 Kg5 56. Rh8 e3 57. Rh7 Rf2+ 58. Ke1 Kf4 59. Rg7 Rb2 60.
Rg8 Rb5 61. Ke2 Rb2+ 62. Kf1 Rf2+ 63. Ke1 Ke5 64. Re8+ Kf6 65. Rg8 Kf7 66. Rg5
f4 67. Rg4 Ke6 68. Rxh4 Rxg2 1/2-1/2

[Event "KRK - Mediterranean Golden Island"]
[Site "Njivice"]
[Date "2006.09.11"]
[Round "3.5"]
[White "Djeno, Snjezana"]
[Black "Berke, Ana"]
[Result "1/2-1/2"]
[WhiteElo "1953"]
[BlackElo "2018"]
[PlyCount "101"]
[EventDate "2006.09.09"]

1. Nf3 Nf6 2. g3 g6 3. Bg2 Bg7 4. O-O O-O 5. c4 d5 6. cxd5 Nxd5 7. d4 Nc6 8. e4
Nb6 9. d5 Na5 10. Nc3 c6 11. Nh4 Bd7 12. Rb1 Rc8 13. Be3 Nac4 14. Bd4 Bxd4 15.
Qxd4 cxd5 16. exd5 Qc7 17. Ne4 Qe5 18. Qxe5 Nxe5 19. d6 exd6 20. Nf6+ Kg7 21.
Nxd7 Nexd7 22. Bxb7 Rc2 23. Be4 Rc4 24. Bd3 Rd4 25. Rfd1 Ne5 26. Bc2 Rxd1+ 27.
Rxd1 d5 28. Bb3 Nec4 29. Bxc4 dxc4 30. Nf3 Rc8 31. Kf1 c3 32. bxc3 Rxc3 33. Nd4
Rc5 34. Nb3 Rc2 35. Rd2 Rxd2 36. Nxd2 f5 37. f4 Kf6 38. Nf3 h6 39. Ke2 Nd5 40.
Kd2 g5 41. fxg5+ hxg5 42. Nd4 f4 43. gxf4 gxf4 44. h4 a6 45. Kd3 Ke5 46. a3 Nb6
47. h5 Kf6 48. h6 Kg6 49. Ke4 Kxh6 50. Kxf4 Nc4 51. Nc2 1/2-1/2

[Event "KRK - Mediterranean Golden Island"]
[Site "Njivice"]
[Date "2006.09.12"]
[Round "4.1"]
[White "Vasilevich, Irina"]
[Black "Berke, Ana"]
[Result "1-0"]
[WhiteElo "2340"]
[BlackElo "2018"]
[PlyCount "51"]
[EventDate "2006.09.09"]

1. e4 c5 2. Nf3 Nc6 3. Nc3 g6 4. d4 cxd4 5. Nxd4 Bg7 6. Nde2 d6 7. g3 b5 8. Bg2
b4 9. Nd5 Bd7 10. O-O Nf6 11. Bd2 Rb8 12. Qe1 a5 13. b3 O-O 14. Rd1 Rb5 15. Bg5
Nxd5 16. exd5 Bg4 17. h3 Bc8 18. c4 bxc3 19. Nxc3 Rc5 20. Ne4 Rc2 21. dxc6 Ba6
22. Rxd6 Qc8 23. Bxe7 Re8 24. Nf6+ Bxf6 25. Bxf6 Rce2 26. Qxa5 1-0

[Event "KRK - Mediterranean Golden Island"]
[Site "Njivice"]
[Date "2006.09.12"]
[Round "4.2"]
[White "Medic, Mirjana"]
[Black "Djeno, Snjezana"]
[Result "1-0"]
[WhiteElo "2271"]
[BlackElo "1953"]
[PlyCount "125"]
[EventDate "2006.09.09"]

1. d4 e6 2. c4 Nf6 3. Nc3 Bb4 4. Qc2 O-O 5. a3 Be7 6. e4 d6 7. Bd3 g6 8. Nf3
Nbd7 9. e5 Nh5 10. Ne4 b6 11. Bh6 Re8 12. Rd1 Nf8 13. c5 d5 14. Ng3 Ng7 15. c6
a5 16. h4 Ba6 17. h5 Bxd3 18. Qxd3 Nf5 19. hxg6 fxg6 20. Bf4 Rb8 21. Qd2 a4 22.
Ne2 Nh4 23. Nxh4 Bxh4 24. Nc3 b5 25. Na2 Be7 26. Rc1 Rb6 27. Qc3 g5 28. Bd2 Kg7
29. Qh3 Qa8 30. Nb4 Kh8 31. Qh6 Bd8 32. Bxg5 Bxg5 33. Qxg5 Qd8 34. Qh6 Qe7 35.
Rc3 Qg7 36. Rg3 Qxh6 37. Rxh6 Re7 38. Rf6 Ng6 39. Rh3 Kg7 40. f4 Rb8 41. f5 Nf8
42. Rg3+ Kh8 43. fxe6 Rxe6 44. Rgf3 Rxf6 45. Rxf6 Re8 46. Ke2 Ng6 47. Rf7 Ne7
48. Kd3 Kg8 49. Rf6 Kg7 50. Kc3 Ra8 51. Nd3 Ra6 52. Nf4 Rxc6+ 53. Rxc6 Nxc6 54.
Nxd5 Na7 55. Nxc7 Kf7 56. d5 Ke7 57. Kb4 Kd7 58. Nxb5 Nc8 59. Kc5 Ne7 60. e6+
Kd8 61. Nd4 Ng6 62. Nc6+ Ke8 63. d6 1-0

[Event "KRK - Mediterranean Golden Island"]
[Site "Njivice"]
[Date "2006.09.12"]
[Round "4.3"]
[White "Sargac, Rajna"]
[Black "Kostiuk, Tatiana"]
[Result "1/2-1/2"]
[WhiteElo "2184"]
[BlackElo "2255"]
[PlyCount "105"]
[EventDate "2006.09.09"]

1. d4 Nf6 2. Nc3 d5 3. Bg5 Nbd7 4. e4 Nxe4 5. Nxe4 dxe4 6. Bc4 Nb6 7. Bb3 Bf5
8. f3 h6 9. Bh4 g5 10. Bf2 Bg7 11. Qe2 exf3 12. Nxf3 e6 13. O-O-O Qe7 14. Ne5
O-O-O 15. g4 Bxe5 16. gxf5 Bf4+ 17. Kb1 Nd5 18. c4 exf5 19. Qd3 Nf6 20. Qxf5+
Qe6 21. Qa5 Ne4 22. Bc2 a6 23. Rhe1 f5 24. Bg1 Rhe8 25. d5 Qf7 26. Ka1 Be5 27.
Bd4 Bxd4 28. Rxd4 Qf6 29. Rdd1 Qe5 30. Re2 Re7 31. Rde1 Qd4 32. d6 Qe5 33. c5
cxd6 34. Bxe4 fxe4 35. Rxe4 Qxe4 36. Rxe4 Rxe4 37. c6 Rde8 38. a3 R8e7 39. Qb6
R4e6 40. cxb7+ Rxb7 41. Qxa6 Kc7 42. Qc4+ Kd7 43. Qd3 Rb8 44. Qh7+ Kc6 45. Qc2+
Kd5 46. Qd3+ Kc6 47. Qc4+ Kd7 48. Qa4+ Kc7 49. Qa5+ Kc6 50. Qa6+ Kc7 51. Qc4+
Kd7 52. Qa4+ Kc7 53. Qc4+ 1/2-1/2

[Event "KRK - Mediterranean Golden Island"]
[Site "Njivice"]
[Date "2006.09.12"]
[Round "4.4"]
[White "Srebrnic, Ana"]
[Black "Gromova, Iulia"]
[Result "0-1"]
[WhiteElo "2318"]
[BlackElo "2210"]
[PlyCount "88"]
[EventDate "2006.09.09"]

1. Nf3 Nf6 2. c4 g6 3. Nc3 Bg7 4. e4 d6 5. d4 O-O 6. Be2 e5 7. O-O Nc6 8. d5
Ne7 9. Ne1 Nd7 10. Be3 f5 11. f3 Kh8 12. Nd3 f4 13. Bf2 c5 14. dxc6 bxc6 15.
Qd2 Bb7 16. Rfd1 a5 17. b3 g5 18. Nb2 Rf6 19. Nba4 Rh6 20. Rab1 Rb8 21. Ba7 Ra8
22. Bf2 Rb8 23. b4 axb4 24. Rxb4 c5 25. Rb3 Nc6 26. Rdb1 Bc8 27. Rxb8 Ndxb8 28.
Bxc5 g4 29. Bf2 Qg5 30. Nb6 g3 31. Bxg3 Be6 32. Bf2 Nd4 33. Bxd4 exd4 34. Ncd5
Be5 35. Bf1 d3 36. Qxd3 Nc6 37. Rd1 Bd4+ 38. Qxd4+ Nxd4 39. Rxd4 Qh4 40. Rd2
Qxh2+ 41. Kf2 Qg3+ 42. Kg1 Bg4 43. fxg4 f3 44. Bd3 Qe1+ 0-1

[Event "KRK - Mediterranean Golden Island"]
[Site "Njivice"]
[Date "2006.09.12"]
[Round "4.5"]
[White "Golubenko, Valentina"]
[Black "Sudakova, Irina"]
[Result "1-0"]
[WhiteElo "2239"]
[BlackElo "2376"]
[PlyCount "89"]
[EventDate "2006.09.09"]

1. d4 Nf6 2. c4 e6 3. Nf3 b6 4. a3 Ba6 5. Qc2 c5 6. e4 cxd4 7. Nxd4 Bc5 8. Nb3
Nc6 9. Bg5 O-O 10. Nc3 Be7 11. Be2 Rc8 12. f4 h6 13. Bh4 Nb8 14. e5 Ne8 15.
Bxe7 Qxe7 16. Qe4 f5 17. Qd4 d6 18. Rd1 dxe5 19. Qxe5 Nc6 20. Qe3 Nd6 21. Rxd6
Qxd6 22. c5 bxc5 23. Bxa6 Nd4 24. Qd3 Rc6 25. Bc4 Qxf4 26. Ne2 Qh4+ 27. g3 Qf6
28. O-O Kh7 29. Nexd4 cxd4 30. Bb5 Rd6 31. Nc5 Qe7 32. Bc4 Rf6 33. Rf4 Rc6 34.
b4 e5 35. Rxf5 e4 36. Rxf6 Rxc5 37. Re6 Qxe6 38. Bxe6 Rc1+ 39. Qf1 Rxf1+ 40.
Kxf1 Kg6 41. b5 Kf6 42. Bc4 Ke5 43. a4 Kd6 44. a5 Kc5 45. b6 1-0

[Event "KRK - Mediterranean Golden Island"]
[Site "Njivice"]
[Date "2006.09.13"]
[Round "5.2"]
[White "Gromova, Iulia"]
[Black "Golubenko, Valentina"]
[Result "1-0"]
[WhiteElo "2210"]
[BlackElo "2239"]
[PlyCount "105"]
[EventDate "2006.09.09"]

1. d4 Nf6 2. Nf3 c5 3. e3 cxd4 4. exd4 d5 5. Bd3 e6 6. O-O Bd6 7. Bg5 O-O 8. c3
h6 9. Bh4 Nbd7 10. Re1 Qc7 11. Nbd2 Rb8 12. a4 a6 13. Qe2 Nh5 14. Bc2 Nf4 15.
Qe3 Re8 16. Ne5 Bxe5 17. dxe5 Ng6 18. Bg3 b5 19. axb5 Rxb5 20. b4 Bb7 21. Ba4
d4 22. Qxd4 Rd5 23. Qe3 Ne7 24. Bc2 Nb6 25. Bf4 Ng6 26. Bxg6 fxg6 27. Ne4 g5
28. Bg3 Nc4 29. Qe2 Qc6 30. f3 Red8 31. Rad1 a5 32. Nd6 Ba6 33. Qe4 Qb6+ 34.
Bf2 Nxd6 35. Bxb6 Nxe4 36. Bxd8 Rxd1 37. Rxd1 Nxc3 38. Rd6 Bc4 39. bxa5 Nb5 40.
Rb6 Na7 41. Rb8 Kh7 42. Rb7 Nc6 43. Bf6 Kg6 44. Rxg7+ Kf5 45. Rc7 Bd5 46. a6
Nd4 47. a7 Nb5 48. Re7 Kf4 49. Rh7 g4 50. fxg4 Kxg4 51. Bd8 Na3 52. Rxh6 Kf5
53. Rh8 1-0

[Event "KRK - Mediterranean Golden Island"]
[Site "Njivice"]
[Date "2006.09.13"]
[Round "5.3"]
[White "Kostiuk, Tatiana"]
[Black "Srebrnic, Ana"]
[Result "1/2-1/2"]
[WhiteElo "2255"]
[BlackElo "2318"]
[PlyCount "80"]
[EventDate "2006.09.09"]

1. d4 d6 2. Nf3 Nf6 3. g3 g6 4. Bg2 Bg7 5. O-O O-O 6. c4 Nc6 7. Nc3 a6 8. Re1
Rb8 9. Rb1 Re8 10. h3 Na5 11. b3 b5 12. cxb5 axb5 13. e4 Nd7 14. b4 Nc4 15. Qb3
Ba6 16. a4 bxa4 17. Qxa4 Bb7 18. Qb3 Ndb6 19. Bf1 d5 20. e5 e6 21. Bg5 Qd7 22.
Nd2 Nxd2 23. Bxd2 Bf8 24. Ra1 Bc6 25. b5 Bb7 26. Ra7 Qc8 27. Na2 c5 28. bxc6
Bxc6 29. Ba6 Nc4 30. Qf3 Bb7 31. Bb4 Bxb4 32. Nxb4 Rf8 33. Qf6 Bxa6 34. Nxa6
Rb7 35. Rxb7 Qxb7 36. Nc5 Qb2 37. Nd7 Ra8 38. Qh4 Kg7 39. Qf6+ Kg8 40. Qh4 Kg7
1/2-1/2

[Event "KRK - Mediterranean Golden Island"]
[Site "Njivice"]
[Date "2006.09.13"]
[Round "5.4"]
[White "Djeno, Snjezana"]
[Black "Sargac, Rajna"]
[Result "0-1"]
[WhiteElo "1953"]
[BlackElo "2184"]
[PlyCount "60"]
[EventDate "2006.09.09"]

1. Nf3 c5 2. c4 Nf6 3. Nc3 d5 4. cxd5 Nxd5 5. Qb3 e6 6. Nxd5 exd5 7. d4 c4 8.
Qb5+ Nc6 9. Ne5 Bb4+ 10. Kd1 Qb6 11. Qxb6 axb6 12. e3 Na5 13. Bd2 Bxd2 14. Kxd2
f6 15. b4 Nb3+ 16. axb3 Rxa1 17. Nf3 b5 18. Kc3 Bf5 19. bxc4 bxc4 20. b5 Ke7
21. Rg1 Rha8 22. Be2 R8a3+ 23. Kb4 b6 24. Rxa1 Rxa1 25. Nh4 Bd7 26. g3 Rb1+ 27.
Kc3 Rb3+ 28. Kc2 g5 29. Ng2 Bf5+ 30. Kd2 c3+ 0-1

[Event "KRK - Mediterranean Golden Island"]
[Site "Njivice"]
[Date "2006.09.13"]
[Round "5.5"]
[White "Berke, Ana"]
[Black "Medic, Mirjana"]
[Result "1/2-1/2"]
[WhiteElo "2018"]
[BlackElo "2271"]
[PlyCount "73"]
[EventDate "2006.09.09"]

1. e4 e6 2. d4 d5 3. Nc3 Nf6 4. e5 Nfd7 5. f4 c5 6. Nf3 Nc6 7. Be3 a6 8. Qd2 b5
9. dxc5 Bxc5 10. Bxc5 Nxc5 11. Qf2 Qb6 12. b4 Nd7 13. Qxb6 Nxb6 14. a4 Nxb4 15.
Nd4 Bd7 16. axb5 axb5 17. Rxa8+ Nxa8 18. Bxb5 Bxb5 19. Ncxb5 Kd7 20. Kd2 Nc7
21. Rb1 Nba6 22. Nxc7 Kxc7 23. Nb5+ Kc6 24. Na7+ Kc7 25. Nb5+ Kd7 26. Nd6 Kc6
27. Kd3 f6 28. c4 fxe5 29. fxe5 Rf8 30. cxd5+ Kxd5 31. Rb5+ Nc5+ 32. Ke3 Kc6
33. Rb2 Ra8 34. Rd2 Ra3+ 35. Kf4 Nd3+ 36. Ke4 Nc5+ 37. Kf4 1/2-1/2